Cross-Examination and Sentencing / (Record no. 118)

MARC details
000 -LEADER
fixed length control field 00443nam a22001457a 4500
005 - DATE AND TIME OF INPUT
control field 20231027124748.0
008 - DATA ELEMENTS--GENERAL INFORMATION
fixed length control field 231027b |||||||| |||| 00| 0 eng d
041 ## - LANGUAGE CODE
Language code of text English
082 ## - SHELF NUMBER
DDC number 347.7 CRO
100 ## - MAIN AUTHOR
Main author's name De Meyer, O and Moyses, Bill
Language of a work English
245 ## - TITLE STATEMENT
Title Cross-Examination and Sentencing /
Statement of responsibility, etc. O De Meyer and M Bill
300 ## - PHYSICAL DESCRIPTION
Other physical details 171 pages ;
Dimensions 29 cm.
650 ## - SUBJECT`
Broad subject Legal practice
Own subject terms Law
942 ## - ADDED ENTRY ELEMENTS (KOHA)
Item type Books
942 ## - ADDED ENTRY ELEMENTS (KOHA)
-- ALISON_BN_VRIES
Holdings
Source of classification or shelving scheme Not for loan Collection code Home library Current library Shelving location Date acquired Full call number Barcode Price effective from Koha item type
Dewey Decimal Classification   TEXT BOOKS LAW SOCIETY OF NAMIBIA LIBRARY - WINDHOEK LAW SOCIETY OF NAMIBIA LIBRARY - WINDHOEK Evidence law 10/27/2023 347.7 CRO LSN/2009/37 10/27/2023 Books